| 000 -ლიდერი |
| ფიქსირებული სიგრძის საკონტროლო ველი |
01487nam a22002537a 4500 |
| 003 - საკონტროლო ნომრის იდენტიფიკატორი |
| საკონტროლო ველი |
Ge_BSU |
| 005 - ბოლო ოპერაციის თარიღი და დრო |
| საკონტროლო ველი |
20230531113142.0 |
| 008 - ფიქსირებული სიგრძის მონაცემთა ელემენტები - ზოგადი ინფორმაცია |
| ფიქსირებული სიგრძის საკონტროლო ველი |
230531s2018ge xxu||||| |||| 00| 0 geo d |
| 020 ## - წიგნის საერთაშორისო სტანდარტული ნომერი |
| International Standard Book Number |
9788378931829 |
| 041 ## - ენის კოდი |
| Language code of text/sound track or separate title |
geo |
| 080 ## - უნივერსალური ათობითი კლასიფიკაციის ინდექსი |
| Universal Decimal Classification number |
81'374.3=353.31 ბ-95 |
| 100 ## - მთავარი ჩანაწერი - პიროვნების სახელი |
| Personal name |
ბუკია, მანანა, ავტორი. |
| 9 (RLIN) |
18345 |
| 245 ## - ცნობა სათაურის შესახებ |
| Title |
ლაზური ლექსიკონი / |
| Statement of responsibility, etc |
მანანა ბუკია ; რედ. მერაბ ჩუხუა |
| 264 ## - წარმოების, გამოცემის, დისტრიბუციის და სხვა ცნობები |
| გამოცემის, წარმოების, დისტრიბუციის... სახელწოდება |
Wojnowice, |
| გამოცემის, წარმოების, დისტრიბუციის... თარიღი |
2018. |
| 300 ## - ფიზიკური აღწერა |
| Extent |
586 გვ. ; |
| Other physical details |
24 სმ. |
| 440 ## - სერიის ცნობა / დამატებულია ჩანაწერი - სათაური |
| Title |
საბა - ქართული ლექსიკონი |
| 9 (RLIN) |
18330 |
| 500 ## - ზოგადი შენიშვნა |
| General note |
ყდაზე ავტორი მითითებული არ არის. |
| 504 ## - BIBLIOGRAPHY, ETC. NOTE |
| Bibliography, etc |
ბიბლიოგრაფია: გვ. 581-585. |
| 546 ## - LANGUAGE NOTE |
| Language note |
თავფურცლის ყდა ქართულ და ინგლისურ ენებზე.მე-3 გვერდი ინგლისურ ენაზე. |
| 653 ## - INDEX TERM--UNCONTROLLED |
| Uncontrolled term |
ლაზური ენის განმარტებითი ლექსიკონი. |
| 700 ## - ADDED ENTRY--PERSONAL NAME |
| Personal name |
ჩუხუა,მერაბ |
| Relator term |
რედაქტორი |
| 9 (RLIN) |
130 |
| 710 ## - ADDED ENTRY--CORPORATE NAME |
| Corporate name or jurisdiction name as entry element |
თსუ არნ. ჩიქობავას სახ. ენათმეცნიერების ინ-ტი, სსიპ ჩერქეზული (ადიღური) კულტურის ცენტრი. |
| 9 (RLIN) |
18346 |
| 942 ## - ADDED ENTRY ELEMENTS (KOHA) |
| Source of classification or shelving scheme |
|
| Koha item type |
წიგნი |